000 00438nam a2200169Ia 4500
003 GCL
008 140319s9999 xx 000 0 eng d
040 _aGCL /
_cGCL
082 0 4 _a843
_bL G
100 1 _aDE LA MARTINE, ALPHONSO
245 1 0 _aGRAZIELLA /
_cDE LA MARTINE, ALPHONSO
260 _a[S.N] :
_bGALLIMARD ،
_c1979
490 _aCOLLECTION FOLIO
_v0
650 0 4 _aLITERATURE
650 0 4 _aFRENCH LITERATURE
942 _2ddc
_cBK
999 _c23343
_d23343